Kagunan batin, (Record no. 88583)

MARC details
000 -LEADER
fixed length control field 00633cam a22002411 4500
001 - CONTROL NUMBER
control field sa 68018686
003 - CONTROL NUMBER IDENTIFIER
control field DLC
005 - DATE AND TIME OF LATEST TRANSACTION
control field 20260227112713.0
008 - FIXED-LENGTH DATA ELEMENTS--GENERAL INFORMATION
fixed length control field 790227s1961 io 000 0 jav
010 ## - LIBRARY OF CONGRESS CONTROL NUMBER
LC control number sa 68018686
035 ## - SYSTEM CONTROL NUMBER
System control number (OCoLC)4694209
040 ## - CATALOGING SOURCE
Original cataloging agency DLC
Transcribing agency OAU
Modifying agency DLC
042 ## - AUTHENTICATION CODE
Authentication code premarc
050 00 - LIBRARY OF CONGRESS CALL NUMBER
Classification number BL625
Item number .R25
100 1# - MAIN ENTRY--PERSONAL NAME
Personal name Ramuwisit, S.
245 10 - TITLE STATEMENT
Title Kagunan batin,
Statement of responsibility, etc. oleh S. Ramuwisit.
250 ## - EDITION STATEMENT
Edition statement [Tjet. 1.]
260 ## - PUBLICATION, DISTRIBUTION, ETC.
Place of publication, distribution, etc. Semarang,
Name of publisher, distributor, etc. Penerbit Wijasa
Date of publication, distribution, etc. [1961]
300 ## - PHYSICAL DESCRIPTION
Extent 42 p.
Dimensions 20 cm.
500 ## - GENERAL NOTE
General note "Disadur dari tjeramah G. Hodson."
650 #0 - SUBJECT ADDED ENTRY--TOPICAL TERM
Topical term or geographic name entry element Mysticism.
700 1# - ADDED ENTRY--PERSONAL NAME
Personal name Hodson, Geoffrey,
Dates associated with a name 1886-1983.

No items available.

Powered by Koha